Statistics for Robin Hood - Love Lyrics

Click here to take the quiz!

General Stats

  • This quiz has been taken 45 times
  • The average score is 69 of 92

Answer Stats

Answer% Correct
Love
97%
Love
97%
Love
97%
Love
97%
Love
97%
Love
97%
a
92%
a
92%
a
92%
go
86%
go
86%
is
86%
is
86%
on
86%
on
86%
on
86%
on
86%
on
86%
on
86%
on
86%
and
84%
and
84%
and
84%
and
84%
It
84%
You
84%
goes
81%
goes
81%
goes
81%
the
81%
the
81%
it's
78%
it's
78%
me
78%
we
78%
we
78%
were
78%
when
78%
when
78%
but
76%
but
76%
days
76%
days
76%
like
76%
seem
76%
seem
76%
yesterday
76%
by
73%
by
73%
gone
73%
gone
73%
just
73%
Life
73%
Life
73%
only
73%
seems
73%
to
73%
to
73%
child
70%
Now
70%
Now
70%
Now
70%
world
70%
world
70%
fly
68%
fly
68%
of
68%
play
68%
watched
68%
watched
68%
you're
68%
how
65%
up
65%
all
62%
at
62%
grown
62%
Once
62%
Once
62%
those
62%
will
62%
will
62%
lazy
59%
lazy
59%
moments
59%
brief
57%
brief
57%
fast
57%
Oh
57%
inside
54%
last
54%
flee
51%
live
51%

Score Distribution

Percentile by Number Answered

Percent of People with Each Score

Your Score History

You have not taken this quiz